Т. 128, вып. 3; Оптика и спектроскопия

Бібліографічні деталі
Parent link:Оптика и спектроскопия: научный журнал/ Российская академия наук (РАН). Т. 128, вып. 3.— , 1956-.— 0030-4034
Мова:Російська
Опубліковано: 2020
Онлайн доступ:https://www.elibrary.ru/contents.asp?id=42776820
https://journals.ioffe.ru/issues/1966
Формат: MixedMaterials Електронний ресурс Книга
KOHA link:https://koha.lib.tpu.ru/cgi-bin/koha/opac-detail.pl?biblionumber=585465

MARC

LEADER 00000nam2a2200000 4500
001 585465
005 20231101131255.0
035 |a (RuTPU)RU\TPU\prd\287904 
035 |a RU\TPU\prd\287903 
090 |a 585465 
100 |a 20200703a19569999k y0rusy50 ca 
101 0 |a rus 
102 |a RU 
181 0 |a i  
182 0 |a b 
200 0 |a Т. 128, вып. 3  |b Электронный ресурс 
203 |a Текст  |c электронный 
210 |d 2020 
461 1 |0 (RuTPU)RU\TPU\prd\1660  |x 0030-4034  |t Оптика и спектроскопия  |o научный журнал  |f Российская академия наук (РАН)  |v Т. 128, вып. 3  |d 1956- 
801 0 |a RU  |b 63413507  |c 20010227  |g PSBO 
801 1 |a RU  |b 63413507  |c 20170309 
801 2 |a RU  |b 63413507  |c 20200703  |g RCR 
856 4 0 |u https://www.elibrary.ru/contents.asp?id=42776820 
856 4 0 |u https://journals.ioffe.ru/issues/1966 
942 |c BK